000 00394 a2200157 4500
001 169922
020 _a
040 _cMagnum
100 _aWerebe, Maria Jose Garcia
240 1 0 _a30 Anos depois grandezas e miserias do ensino no brasil
_lpor
245 1 0 _a30 Anos depois grandezas e miserias do ensino no brasil
362 0 _a1899
440 1 _aÁtica
697 _aENSINO
942 _cBK
999 _c169922
_d169922